[Event "LSS RA-2009-0-00056"]
[Site "LSS email"]
[Date "2009.07.14"]
[Round "?"]
[White "Szabo, Michael"]
[Black "Kroes, Friso"]
[Result "1/2-1/2"]
[WhiteElo "2094"]
[BlackElo "2085"]
[PlyCount "72"]
[EventDate "2009.05.31"]
[EventType "tourn (corr)"]
[EventRounds "6"]
[EventCountry "GER"]
[SourceTitle "Corr 2011"]
[Source "ChessBase"]
[SourceDate "2010.08.31"]
[SourceVersion "1"]
[SourceVersionDate "2010.08.31"]
[SourceQuality "1"]

1. c4 c6 2. d4 d5 3. e3 Nf6 4. Nc3 e6 5. Nf3 Nbd7 6. Bd3 dxc4 7. Bxc4 b5 8. Bd3 a6 9. e4 c5 10. d5 Qc7 11. 0-0 c4 12. dxe6 fxe6 13. Bc2 Bb7 14. Qe2 Bd6 15. Ng5 Nc5 16. f4 h6 17. Nf3 Nd3 18. Kh1 Bc5 19. Bxd3 cxd3 20. Qxd3 Rd8 21. Qe2 0-0 22. e5 Nd5 23. Nxd5 Rxd5 24. Bd2 Qd7 25. Rac1 Bb6 26. Rc2 Rd3 27. Bc1 Qd5 28. h3 b4 29. Kh2 a5 30. Ne1 Rd4 31. b3 Re4 32. Qg4 Rc8 33. Rd2 Rd4 34. Rxd4 Bxd4 35. Nf3 Rc2 36. Qg6 Rxa2 1/2-1/2

[Event "LSS SA-2009-0-00067"]
[Site "LSS email"]
[Date "2009.07.04"]
[Round "?"]
[White "Szabo, Michael"]
[Black "Jovanovic, Bratislav"]
[Result "1/2-1/2"]
[WhiteElo "2064"]
[BlackElo "2076"]
[PlyCount "40"]
[EventDate "2009.06.14"]
[EventType "tourn (corr)"]
[EventRounds "6"]
[EventCountry "GER"]
[SourceTitle "Corr 2011"]
[Source "ChessBase"]
[SourceDate "2010.08.31"]
[SourceVersion "1"]
[SourceVersionDate "2010.08.31"]
[SourceQuality "1"]

1. e4 e6 2. d4 d5 3. exd5 exd5 4. Nf3 Bd6 5. c4 dxc4 6. Bxc4 Nf6 7. Qe2+ Qe7 8. Qxe7+ Bxe7 9. Bf4 c6 10. Nc3 Nbd7 11. 0-0 Nb6 12. Bb3 Bg4 13. Ng5 0-0 14. f3 Bh5 15. Rae1 Rfe8 16. Re5 Rad8 17. Rfe1 Nc8 18. Nge4 Bg6 19. Rd1 Kf8 20. Kf2 Nxe4+ 1/2-1/2